01474 a2200157 4500999001700000020001800017082002600035100001300061245006700074260003000141300001100171520086600182650007601048942001201124952018001136 c26557d26557 a9780143447610 a363.3493095483bVIJ-F aViju, B. aFlood And Furyb: Ecological Devastation In The Western Ghats  bPenguin eBury Pressc2019 a296,pp aThe floods that devastated large parts of Kerala in 2018 were not an isolated, freak phenomenon; rather, they signalled something graver-the ecological devastation of the Western Ghats. Made a UNESCO World Heritage Site in 2012, the Ghats have become increasingly vulnerable to serious ecological damage, threatening the sustenance of their people. The 2018 floods were a wake-up call for the region spanning 1600 kilometres and six states-Kerala, Tamil Nadu, Karnataka, Goa, Maharashtra and Gujarat-that form an ecosystem older than the Himalayas. Travelling in this region, documenting the devastating large-scale mining, quarrying, deforestation and mismanagement of water resources, at the same time mapping its culture, history and ecology, Viju B. investigates the crisis in the Western Ghats and suggests policy measures urgently required to mitigate it. aClimatic changesvEcological disturbancesvFloodszIndia--Western Ghats 2ddccBK 00104070aNASSDOCbNASSDOCd2021-02-04eOverseas Press India Private Limitedg291.27i2021-01-27l0o363.3493095483 VIJ-Fp51279r2021-02-12 00:00:00v399.00w2021-02-12yBK